| 000 | 00542nam a22001937a 4500 | ||
|---|---|---|---|
| 003 | OSt | ||
| 005 | 20140310182156.0 | ||
| 008 | 130831t xxu||||| |||| 00| 0 eng d | ||
| 020 | _a0340620374 | ||
| 050 |
_aBS 2330.2 _b.St877 1996 |
||
| 082 |
_aHS 225 _bSt71 1996 |
||
| 100 |
_aStone, David _915982 |
||
| 245 |
_aTeach yourself books : _cDavid Stone. _bnew testament / |
||
| 260 |
_aIllinois : _bNTC Publishing Group, _cc1996. |
||
| 300 |
_a212 p. : _c20 cm. |
||
| 650 |
_aNew Testament. _915983 |
||
| 942 |
_2lcc _cHS |
||
| 999 |
_c10106 _d10106 |
||